Stropná konštrukcia administratívnej budovy

Enregistré dans:
Détails bibliographiques
Auteur principal: Medveď, Ján (Auteur)
Autres auteurs: Sonnenschein, Róbert (Directeur de thèse)
Format: Manuscrit Livre
Langue:slovaque
Publié: 2025
Sujets:
Accès en ligne:http://is.stuba.sk/zp/portal_zp.pl?podrobnosti=175869
CRZP
Tags: Ajouter un tag
Pas de tags, Soyez le premier à ajouter un tag!

MARC

LEADER 00000ntm a22000003a 4500
001 stuzp104398
003 SK-STU
005 20250728133419.2
007 ta
008 150427s2015----xo-----f-mn---000-0-slo-d
040 |a STU  |b slo 
041 0 |a slo 
100 1 |a Medveď, Ján  |u 010110  |4 aut  |U SvF Stavebná fakulta  |T SvF Katedra betónových konštrukcií a mostov  |X 121285  |U V110  |Y 11  |7 121285 
242 0 1 |a Ceiling Slab of the Office Building  |y eng 
245 1 0 |a Stropná konštrukcia administratívnej budovy 
260 |c 2025 
650 4 |a stropná konštrukcia  |2 slo 
650 4 |a železobetón  |2 slo 
650 4 |a administratívna budova  |2 slo 
650 4 |a doska nosná v dvoch smeroch  |2 slo 
650 4 |a ceiling structure  |2 eng 
650 4 |a reinforced concrete  |2 eng 
650 4 |a office building  |2 eng 
650 4 |a two-way slab  |2 eng 
700 1 |a Sonnenschein, Róbert  |u 010110  |k Z1  |4 ths  |U SvF Stavebná fakulta  |T SvF Katedra betónových konštrukcií a mostov  |X 28824  |U V110  |Y 11  |7 A000028824 
856 4 |u http://is.stuba.sk/zp/portal_zp.pl?podrobnosti=175869 
856 4 |u https://opac.crzp.sk/?fn=detailBiblioForm&sid=4013D2F8FE5692F459CE204F6B33  |z CRZP